=LDR 00000nam 2200000 4500 =001 INLIS000000000038321 =005 20130612144008 =008 ***********************************Ind** =035 ##$$a0010-061300000038321 =041 ##$$a Ind =082 ##$$a 923 =090 ##$$a 923, Ram d =100 ##$$a Ramdhan, Hendry E =245 ##$$a 80 pengusaha sukses dunia from zero to be millionaire, hendry E. Ramdhan =260 ##$$a 2011 $b Jakarta =300 ##$$a 275 hlm, Ilus, 21 cm =650 ##$$a Biografi Pengusaha =850 ##$$a NBPNMAT =990 ##$$a 90559/BPAP-NTB/2014